000 00735nam a2200193 a 4500
003 0
005 20250317075833.0
008 080924s19uu xx 00 eng d
050 _aPHS LC 215
_b.J71 2008
100 _aJones, Jennifer M.
245 _aParental involvement and children's perception of parental involvement as predictor of academic performance /
_cJennifer M. Jones.
260 _aLas PiƱas City, Philippines :
_bSouthville International School and Colleges,
_c2008.
300 _a47 pages :
_billustrations ;
_c28 cm.
504 _aIncludes bibliographical references.
650 _aParent participation.
650 _aAcademic achievement
_xPsychological aspects.
650 _aParent and child.
942 _2lcc
_cPASS
999 _c98092
_d98092